00000000nam##2200000za#4500
0019.529600
003CaOODSP
00520200331225824
007ta
008150406|1997||||xxc|||||     f|0| 0 eng|d
040 |aCaOODSP|beng
041 |aeng
041 |afre
043 |an-cn---
0861 |aBT31-4/66-1997
1101 |aCanada. |bTreasury Board.
24510|aPublic Service Commission of Canada
260 |aOttawa - Ontario : |bTreasury Board of Canada Secretariat |c1997.
300 |aEnglish text, 42p. : |btables ; |c28 cm.
4901 |aPerformance report for the period ending March 31, 1997
546 |aBilingual
563 |aSoftcover
590 |a97-46|b1997-11-14
7760#|tPublic Service Commission of Canada, performance report for the period ending March 31, 1997 |w(CaOODSP)9.568645
7760#|tCommission de la fonction publique du Canada, rapport sur le rendement pour la période se terminant le 31 mars 1997 |w(CaOODSP)9.599915
792 |tCommission de la fonction publique du Canada|efre|w(CaOODSP)9.529601
830#0|aPerformance report for the period ending March 31, 1997.|w(CaOODSP)9.508972
020 |a0-660-60352-7